One Direction - Don't forget where you belong (All lyrics) - Statistics

General Stats
  • This quiz has been taken 39 times
  • The average score is 280 of 336
Answer Stats
Answer % Correct
a
100%
be
100%
I
100%
the
100%
The
100%
where
100%
Verse 1 Been
96%
been
96%
belong
96%
Chorus Don't
96%
don't
96%
for
96%
forget
96%
in
96%
Never
96%
never
96%
(Never
96%
of
96%
On
96%
on
96%
was
96%
you
96%
You
96%
all
93%
and
93%
And
93%
but
93%
But
93%
ever
93%
home
93%
Home
93%
I've
93%
know
93%
who
93%
alone
89%
faces
89%
feel
89%
If
89%
if
89%
lot
89%
places
89%
Seen
89%
will
89%
around
85%
knowing
85%
no
85%
No
85%
oh
85%
so
85%
this
85%
world
85%
back
81%
horizon
81%
rising
81%
sun
81%
were
81%
your
81%
go
78%
is
78%
own
78%
song
78%
song)
78%
up
74%
Bridge Lights
70%
proof
70%
should
70%
I'm
67%
it
67%
moon
67%
they
67%
need
63%
when
63%
When
63%
everything
59%
long
59%
won't
59%
got
56%
my
56%
not
56%
off
56%
are
52%
like
52%
ooh
52%
dreaming
48%
I'll
48%
out
48%
pages
48%
stars
48%
taking
48%
ages
44%
always
44%
away
44%
changes
44%
how
44%
memory
44%
skies
44%
think
44%
through
44%
days
41%
far
41%
leaving
41%
Living
41%
nights
41%
Short
41%
That
41%
well
41%
cases
37%
forgetting
37%
gone
37%
Made
37%
things
37%
wrong
37%
done
33%
matter
33%
Packing
33%
Even
30%
written
26%
flicking
22%
they're
22%
to
22%
free
7%
run
7%
No matching quizzes found
Score Distribution
Percent of People with Each Score
Percentile by Number Answered
Your Score History
You have not taken this quiz